Bee Swarm Simulator ULTIMATE QUIZ - Statistics

General Stats
  • This quiz has been taken 22 times
  • The average score is 71 of 1025
Answer Stats
Categories Answer % Correct
Common Bee Basic Bee
77%
Bee Passives Bubble
62%
Stickers Tadpole
62%
Mythic Bee Vector Bee
62%
Epic Bee Bubble Bee
54%
Rare Bee Bumble Bee
54%
Rare Bee Cool Bee
54%
Mythic Bee Fuzzy Bee
54%
Rare Bee Hasty Bee
54%
Rare Bee Rad Bee
54%
Quest Bears Black Bear
46%
Rare Bee Brave Bee
46%
Quest Bears Brown Bear
46%
Epic Bee Commander Bee
46%
Egg Diamond Egg
46%
Event Bee Gummy Bee
46%
Legendary Bee Lion Bee
46%
Legendary Bee Music Bee
46%
Mythic Bee Precise Bee
46%
Ability Token Buffs | Ability Tokens Rage
46%
Epic Bee Riley Bee
46%
Legendary Bee Shy Bee
46%
Egg Silver Egg
46%
Legendary Bee Baby Bee
38%
Egg Basic Egg
38%
Rare Bee Bomber Bee
38%
Epic Bee Bucko Bee
38%
Legendary Bee Carpenter Bee
38%
Event Bee Cobalt Bee
38%
Legendary Bee Diamond Bee
38%
Event Bee Digital Bee
38%
Epic Bee Frosty Bee
38%
Egg Gold Egg
38%
Epic Bee | Other Quest Givers Honey Bee
38%
Egg Mythic Egg
38%
Event Bee Photon Bee
38%
Epic Bee Rage Bee
38%
Rare Bee Rascal Bee
38%
Mythic Bee Spicy Bee
38%
Treats Star Treat
38%
Rare Bee Stubborn Bee
38%
Event Bee Tabby Bee
38%
Ants Ant
31%
Event Bee Bear Bee
31%
Treats Blueberry
31%
Mythic Bee Buoyant Bee
31%
Regular Items Coconut
31%
Event Bee Crimson Bee
31%
Epic Bee Demo Bee
31%
Legendary Bee Demon Bee
31%
Epic Bee Exhausted Bee
31%
Epic Bee Fire Bee
31%
Egg Gifted Diamond Egg
31%
Egg Gifted Mythic Egg
31%
Egg Gifted Silver Egg
31%
Quest Bears Gummy Bear
31%
Bosses King Beetle
31%
Rare Bee Looker Bee
31%
Normal Mobs Mantis
31%
Quest Bears Mother Bear
31%
Legendary Bee Ninja Bee
31%
Quest Bears Panda Bear
31%
Event Bee Puppy Bee
31%
Jelly Royal Jelly
31%
Normal Mobs Scorpion
31%
Quest Bears Spirit Bear
31%
Jelly Star Jelly
31%
Other Quest Givers | Stick Bug Stick Bug
31%
Treats Strawberry
31%
Mythic Bee Tadpole Bee
31%
Treats Treat
31%
Bosses Tunnel Bear
31%
Normal Mobs Werewolf
31%
Event Bee Windy Bee
31%
Consumable Item Buffs | Crafting Materials Blue Extract
23%
Specific Bee Egg Bubble Bee Egg
23%
Other NPCs Bubble Bee Man
23%
Waxes Caustic Wax
23%
Guards Cobalt Guard
23%
Belts Coconut Belt
23%
Bosses Coconut Crab
23%
Currencies Cog
23%
Mini-Bosses Commando Chick
23%
Quest Bears Dapper Bear
23%
Pollen Collectors | Stickers Dark Scythe
23%
Puffshrooms Epic Puffshroom
23%
Event Bee Festive Bee
23%
Ants Fire Ant
23%
Egg Gifted Gold Egg
23%
Other Quest Givers Gifted Riley Bee
23%
Consumable Item Buffs | Crafting Materials Glue
23%
Boots Gummy Boots
23%
Hats Honey Mask
23%
Puffshrooms Legendary Puffshroom
23%
Bosses Mondo Chick
23%
Puffshrooms Mythic Puffshroom
23%
Consumable Item Buffs | Crafting Materials Oil
23%
Other Quest Givers Onett
23%
Belts Petal Belt
23%
Treats Pineapple
23%
Quest Bears Polar Bear
23%
Pollen Collectors | Stickers Porcelain Dipper
23%
Puffshrooms Puffshroom
23%
Puffshrooms Rare Puffshroom
23%
Consumable Item Buffs | Crafting Materials Red Extract
23%
Guards Riley Guard
23%
Quest Bears Science Bear
23%
Pollen Collectors | Stickers Scythe
23%
Epic Bee Shocked Bee
23%
Retro Swarm Challenge Slime
23%
Normal Mobs Spider
23%
Egg Star Egg
23%
Mini-Bosses Stump Snail
23%
Currencies Ticket
23%
Event Bee Vicious Bee
23%
Ants Army Ant
15%
Treats Atomic Treat
15%
Quest Bears Bee Bear
15%
Balloons Black Balloon
15%
Misc. Bloom
15%
Machines Blue Cannon
15%
Drives Blue Drive
15%
Guards Blue Guard
15%
Pollen Collectors | Stickers Bubble Wand
15%
Guards Bucko Guard
15%
Egg Choose-A-Mythic Egg
15%
Pollen Collectors | Stickers Clippers
15%
Fields Clover Field
15%
Bags Coconut Canister
15%
Guards Crimson Guard
15%
Hats Demon Mask
15%
Hats Diamond Mask
15%
Amulets Diamond Star Amulet
15%
Consumable Item Buffs | Crafting Materials Enzymes
15%
Ants Flying Ant
15%
Passive Frog
15%
Ants Giant Ant
15%
Other Quest Givers Gifted Bucko Bee
15%
Ability Tokens Glitch
15%
Drives Glitched Drive
15%
Crafting Materials Glitter
15%
Sprinklers Golden Gushers
15%
Pollen Collectors | Stickers Golden Rake
15%
Amulets Gold Star Amulet
15%
Regular Items Gumdrops
15%
Tool Buffs Gummyball
15%
Pollen Collectors | Stickers Gummyballer
15%
Hats Gummy Mask
15%
Waxes Hard Wax
15%
Guards Hasty Guard
15%
Nectar Invigorating Nectar
15%
Nectar Vials Invigorating Vial
15%
Pollen Collectors | Stickers Magnet
15%
Consumable Item Buffs | Other Items Marshmallow Bee
15%
Fields Mountain Top Field
15%
Treats Neonberry
15%
Shop Bears Noob Bear
15%
Planters Petal Planter
15%
Pollen Collectors | Stickers Petal Wand
15%
Balloons Pink Balloon
15%
Consumable Item Buffs | Crafting Materials Purple Potion
15%
Machines Red Cannon
15%
Guards Red Guard
15%
Normal Mobs Rhino Beetle
15%
Quest Bears Robo Bear
15%
Pollen Collectors | Stickers Scissors
15%
Amulets Silver Star Amulet
15%
Machines Slingshot
15%
Beesmas Items Snowflake
15%
Waxes Soft Wax
15%
Fields Spider Field
15%
Fields Strawberry Field
15%
Fields Stump Field
15%
Quest Bears Sun Bear
15%
Fields Sunflower Field
15%
Treats Sunflower Seed
15%
Consumable Item Buffs | Crafting Materials Super Smoothie
15%
Amulets Supreme Star Amulet
15%
Waxes Swirled Wax
15%
Sprinklers The Supreme Saturator
15%
Pollen Collectors | Stickers Tide Popper
15%
Consumable Item Buffs | Crafting Materials Tropical Drink
15%
Regular Items Turpentine
15%
Pollen Collectors | Stickers Vacuum
15%
Balloons White Balloon
15%
Machines Yellow Cannon
15%
Retro Swarm Challenge Zombie
15%
Aphids Aphid
8%
Fields Bamboo Field
8%
Sprinklers Basic Sprinkler
8%
Passive Bean Bug
8%
Specific Bee Egg Bear Bee Egg
8%
Specific Bee Jelly Bear Bee Jelly
8%
Vouchers Bear Bee Voucher
8%
Boots Beekeeper's Boots
8%
Treats Bitterberry
8%
Bloom Petals Black Petal
8%
Regular Items Bloom Shaker
8%
Machines Blue Field Booster
8%
Fields Blue Flower Field
8%
Jelly Beans Blue Jelly Bean
8%
Bags Blue Port-O-Hive
8%
Guards Bomber Guard
8%
Regular Items Box-O-Frogs
8%
Currencies Brick
8%
Retro Swarm Challenge Brick Bloom
8%
Amulets Bronze Ant Amulet
8%
Amulets Bronze Cog Amulet
8%
Amulets Bronze Shell Amulet
8%
Amulets Bronze Star Amulet
8%
Amulets Bronze Stick Bug Amulet
8%
Jelly Beans Brown Jelly Bean
8%
Hats Bubble Mask
8%
Specific Bee Egg Bumble Bee Egg
8%
Specific Bee Egg Buoyant Bee Egg
8%
Fields Cactus Field
8%
Beequips Camo
8%
Stickers Cancer Star Sign
8%
Bags Canister
8%
Stickers Capricorn Star Sign
8%
Regular Items Cloud Vial
8%
Specific Bee Jelly Cobalt Bee Jelly
8%
Fields Coconut Field
8%
Robo Bear Challenge Cogmower
8%
Robo Bear Challenge Cogturret
8%
Nectar Comforting Nectar
8%
Nectar Vials Comforting Vial
8%
Specific Bee Jelly Commander Bee Jelly
8%
Specific Bee Jelly Crimson Bee Jelly
8%
Fields Dandelion Field
8%
Quest Exclusive Items Debug Wax
8%
Amulets Diamond Ant Amulet
8%
Aphids Diamond Aphid
8%
Specific Bee Jelly Diamond Bee Jelly
8%
Amulets Diamond Cog Amulet
8%
Sprinklers Diamond Drenchers
8%
Amulets Diamond Shell Amulet
8%
Amulets Diamond Stick Bug Amulet
8%
Specific Bee Egg Digital Bee Egg
8%
Specific Bee Jelly Digital Bee Jelly
8%
Pollen Collectors | Stickers Electro-Magnet
8%
Sprouts Epic Sprout
8%
Stickers Eviction
8%
Specific Bee Egg Festive Bee Egg
8%
Specific Bee Jelly Festive Bee Jelly
8%
Ability Token Buffs | Ability Tokens Festive Blessing
8%
Stick Bug Festive Nymph
8%
Dice Field Dice
8%
Passive Firefly
8%
Hats Fire Mask
8%
Bee Passives Flame
8%
Ability Token Buffs | Ability Tokens Focus
8%
Specific Bee Egg Fuzzy Bee Egg
8%
Specific Bee Egg Gifted Bubble Bee Egg
8%
Specific Bee Egg Gifted Frosty Bee Egg
8%
Beesmas Items Gingerbread Bear
8%
Gliding Tools Glider
8%
Amulets Gold Ant Amulet
8%
Amulets Gold Cog Amulet
8%
Robo Bear Challenge Golden Cogmower
8%
Amulets Gold Shell Amulet
8%
Amulets Gold Stick Bug Amulet
8%
Jelly Beans Green Jelly Bean
8%
Bloom Petals Green Petal
8%
Bloom Petals Grey Petal
8%
Specific Bee Jelly Gummy Bee Jelly
8%
Sprouts Gummy Sprout
8%
Ability Token Buffs | Ability Tokens | Area Buffs | Passive Buffs Haste
8%
Ability Token Buffs | Area Buffs Haste+
8%
Planters Heat-Treated Planter
8%
Hats Helmet
8%
Belts Honeycomb Belt
8%
Pollen Collectors | Stickers Honey Dipper
8%
Regular Items Honeysuckle
8%
Fields Hub Field
8%
Planters Hydroponic Planter
8%
Ability Tokens Impale
8%
Regular Items Jelly Beans
8%
Amulets King Beetle Amulet
8%
Sprouts Legendary Sprout
8%
Stickers Leo Star Sign
8%
Stickers Lightning
8%
Dice Loaded Dice
8%
Specific Bee Jelly Looker Bee Jelly
8%
Guards Looker Guard
8%
Beequips Lump Of Coal
8%
Regular Items Magic Bean
8%
Robo Bear Challenge Mechsquito
8%
Debuffs Mechsquito Toxin
8%
Robo Bear Challenge Mega Mechsquito
8%
Ability Token Buffs | Ability Tokens Melody
8%
Jelly Beans Merigold Jelly Bean
8%
Bloom Petals Merigold Petal
8%
Regular Items Micro-Converter
8%
Belts Mondo Belt Bag
8%
Amulets Moon Amulet
8%
Treats Moon Charm
8%
Sprouts Moon Sprout
8%
Nectar Motivating Nectar
8%
Nectar Vials Motivating Vial
8%
Fields Mushroom Field
8%
Specific Bee Jelly Music Bee Jelly
8%
Machines Naughty List
8%
Jelly Beans Navy Jelly Bean
8%
Planters Paper Planter
8%
Gliding Tools Parachute
8%
Robo Party Party Cogmower
8%
Robo Party Party Cogturret
8%
Robo Party Party Mechsquito
8%
Fields Pepper Patch
8%
Jelly Beans Periwinkle Jelly Bean
8%
Bloom Petals Periwinkle Petal
8%
Specific Bee Egg Photon Bee Egg
8%
Specific Bee Jelly Photon Bee Jelly
8%
Fields Pineapple Patch
8%
Beequips Pinecone
8%
Fields Pine Tree Forest
8%
Bloom Petals Pink Petal
8%
Planters Plastic Planter
8%
Bags Porcelain Port-O-Hive
8%
Bags Port-O-Hive
8%
Specific Bee Egg Precise Bee Egg
8%
Beesmas Items Present
8%
Shop Bears Pro Bear
8%
Fields Pumpkin Patch
8%
Specific Bee Jelly Puppy Bee Jelly
8%
Pollen Collectors | Stickers Rake
8%
Sprouts Rare Sprout
8%
Specific Bee Egg Rascal Bee Egg
8%
Specific Bee Jelly Rascal Bee Jelly
8%
Balloons Red Balloon
8%
Ability Token Buffs | Ability Tokens | Area Buffs Red Boost
8%
Drives Red Drive
8%
Machines Red Field Booster
8%
Jelly Beans Red Jelly Bean
8%
Bloom Petals Red Petal
8%
Bags Red Port-O-Hive
8%
Debuffs Robo Bear Challenge
8%
Stickers Rubber Duck
8%
Stickers Sagittarius Star Sign
8%
Nectar Satisfying Nectar
8%
Nectar Vials Satisfying Vial
8%
Star Amulet Passives Scorching Star
8%
Other Bears Shadow Bear
8%
Amulets Silver Ant Amulet
8%
Amulets Silver Cog Amulet
8%
Amulets Silver Shell Amulet
8%
Amulets Silver Stick Bug Amulet
8%
Pollen Collectors | Stickers Spark Staff
8%
Quest Exclusive Items Spirit Petal
8%
Debuffs | Jelly Beans Spoiled Jelly Bean
8%
Regular Items Sprinkler Builder
8%
Sprouts | Stickers Sprout
8%
Stickers Squashed Head Bear
8%
Sub-Inventories Sticker
8%
Planters Sticker Planter
8%
Stick Bug Stick Nymph
8%
Regular Items Stinger
8%
Amulets Supreme Ant Amulet
8%
Amulets Supreme Cog Amulet
8%
Amulets Supreme Shell Amulet
8%
Specific Bee Jelly Tabby Bee Jelly
8%
Specific Bee Egg Tadpole Bee Egg
8%
Specific Bee Jelly Tadpole Bee Jelly
8%
Stickers Taurus Star Sign
8%
Jelly Beans Teal Jelly Bean
8%
Planters The Planter Of Plenty
8%
Planters Ticket Planter
8%
Vouchers Ticket Voucher
8%
Ability Tokens Token Link
8%
Shop Bears Top Bear
8%
Quest Exclusive Items Translator
8%
Specific Bee Egg Vicious Bee Egg
8%
Specific Bee Jelly Vicious Bee Jelly
8%
Drives White Drive
8%
Jelly Beans White Jelly Bean
8%
Bloom Petals White Petal
8%
Specific Bee Egg Windy Bee Egg
8%
Specific Bee Jelly Windy Bee Jelly
8%
Bloom Petals Yellow Petal
8%
Stickers Yellow Walking Wiggly Person
8%
Stickers 4-Pronged Vector Bee
0%
Stickers Abstract Color Painting
0%
Stickers AFK
0%
Beesmas Items Aged Gingerbread Bear
0%
Stickers Alert Icon
0%
Area Buffs Ant Challenge Buff
0%
Fields Ant Field
0%
Stickers Ant Field Stamp
0%
Regular Items Ant Pass
0%
Machines Ant Pass Dispenser
0%
Ability Token Buffs APM
0%
Stickers Aquarius Star Sign
0%
Stickers Aries Star Sign
0%
Aphids Armored Aphid
0%
Stickers Atom Symbol
0%
Stickers Auryn
0%
Beequips Autumn Sunhat
0%
Specific Bee Egg Baby Bee Egg
0%
Ability Token Buffs | Ability Tokens Baby Love
0%
Bags Backpack
0%
Ability Token Buffs Balloon Aura
0%
Area Buffs Balloon Blessing
0%
Bee Passives Balloon Enthusiast
0%
Stickers Bamboo Field Stamp
0%
Stickers Banana Painting
0%
Beequips Bandage
0%
Beequips Bandana
0%
Beequips Bang Snap
0%
Stickers Barcode
0%
Stickers Baseball Swing
0%
Specific Bee Jelly Basic Bee Jelly
0%
Hive Skins Basic Black Hive Skin
0%
Hive Skins Basic Blue Hive Skin
0%
Boots Basic Boots
0%
Machines Basic Egg Shop
0%
Hive Skins Basic Green Hive Skin
0%
Hive Skins Basic Pink Hive Skin
0%
Hive Skins Basic Red Hive Skin
0%
Hive Skins Basic White Hive Skin
0%
Stickers BBM From Below
0%
Hats B.B.M. Mask
0%
Beequips Bead Lizard
0%
Ability Tokens Beamstorm
0%
Stickers Bear Bee Offer
0%
Ability Token Buffs Bear Morph
0%
Cub Skins Bee Cub Skin
0%
Hats Beekeeper's Mask
0%
Sub-Inventories Beequip Case
0%
Ability Token Buffs | Ability Tokens Beesmas Cheer
0%
Machines Beesmas Feast
0%
Area Buffs Beesmas Repentance
0%
Beequips Beesmas Top
0%
Beequips Beesmas Tree Hat
0%
Belts Belt Bag
0%
Belts Belt Pocket
0%
Beequips Beret
0%
Ability Tokens Black Bear Morph
0%
Stickers Black Diamond
0%
Jelly Beans Black Jelly Bean
0%
Stickers Black Star
0%
Stickers Black Truffle Mushroom
0%
Machines Blender
0%
Stickers Blob Bumble Bee
0%
Stickers Blowing Leaf
0%
Stickers Blue And Green Marble
0%
Stickers Blue Beesmas Light
0%
Machines Blueberry Dispenser
0%
Ability Tokens Blue Bomb
0%
Ability Tokens Blue Bomb+
0%
Ability Token Buffs Blue Bomb Combo
0%
Ability Token Buffs | Ability Tokens Blue Bomb Sync
0%
Ability Token Buffs | Ability Tokens | Area Buffs Blue Boost
0%
Planters Blue Clay Planter
0%
Stickers Blue Flower Field Stamp
0%
Ability Tokens Blue Pulse
0%
Ability Token Buffs Blue Screen
0%
Stickers Blue Square
0%
Machines Blue Teleporter
0%
Stickers Blue Triangle Critter
0%
Stickers Bomber Bee Bear
0%
Machines Boost Marker
0%
Beequips Bottle Cap
0%
Guards Brave Guard
0%
Drives Broken Drive
0%
Ability Tokens Brown Bear Morph
0%
Cub Skins Brown Cub Skin
0%
Specific Bee Jelly Bubble Bee Jelly
0%
Passive Buffs Bubble Bloat
0%
Accessory Passives Bubble Bombs
0%
Beequips Bubble Light
0%
Stickers Built Ship
0%
Specific Bee Jelly Bumble Bee Jelly
0%
Specific Bee Jelly Buoyant Bee Jelly
0%
Ability Tokens Buzz Bomb
0%
Ability Tokens Buzz Bomb+
0%
Ability Token Buffs Buzz Bomb Combo
0%
Stickers Cactus Field Stamp
0%
Beequips Camphor Lip Balm
0%
Planters Candy Planter
0%
Beequips Candy Ring
0%
Code Buffs Capacity
0%
Specific Bee Jelly Carpenter Bee Jelly
0%
Normal Mobs Cave Monster
0%
Stickers Chanterelle Mushroom
0%
Beequips Charm Bracelet
0%
Stickers Chef Hat Polar Bear
0%
Stickers Classic Killroy
0%
Other Buffs Cloud Boost
0%
Other Buffs Cloud Boost+
0%
Stickers Clover Field Stamp
0%
Specific Bee Egg Cobalt Bee Egg
0%
Boots Coconut Clogs
0%
Machines Coconut Dispenser
0%
Stickers Coconut Field Stamp
0%
Accessory Passives Coconut Haste
0%
Passive Buffs Coconut Haste Surge
0%
Stickers Coiled Snake
0%
Accessory Passives Coin Scatter
0%
Stickers Colorful Buttons
0%
Accessory Passives Combo Coconuts
0%
Stickers Comforting Nectar Icon
0%
Specific Bee Egg Commander Bee Egg
0%
Bags Compressor
0%
Machines Computer
0%
Quest Giver Buffs Conversion Boost
0%
Stickers Cool Backpack
0%
Ability Token Buffs | Consumable Item Buffs Cool Breeze
0%
Stickers Cop And Robber
0%
Stickers Cordate Leaf
0%
Specific Bee Egg Crimson Bee Egg
0%
Stickers Critter In A Stocking
0%
Vouchers Cub Buddy Voucher
0%
Stickers Cunate Leaf
0%
Stickers Cyan Decorative Border
0%
Stickers Cyan Hilted Sword
0%
Bloom Petals Cyan Petal
0%
Stickers Cyan Star
0%
Stickers Dandelion Field Stamp
0%
Stickers Dapper From Above
0%
Stickers Dark Flame
0%
Tool Buffs Dark Heat
0%
Sprouts Debug Sprout
0%
Specific Bee Jelly Demo Bee Jelly
0%
Beequips Demon Talisman
0%
Stickers Desperate Booth
0%
Stickers Diamond Cluster
0%
Stickers Diamond Diamond Bee
0%
Accessory Passives Diamond Drain
0%
Stickers Diamond Trim
0%
Cub Skins Doodle Cub Skin
0%
Stickers Doodle S
0%
Bee Passives Drive Expansion
0%
Stickers Drooping Stubborn Bee
0%
Stickers Eighth Note
0%
Beequips Electric Candle
0%
Beequips Elf Cap
0%
Bags Elite Barrel
0%
Guards Elite Blue Guard
0%
Guards Elite Red Guard
0%
Stickers Elliptic Leaf
0%
Accessory Passives | Passive Buffs Emergency Coconut Shield
0%
Stickers Evil Pig
0%
Specific Bee Jelly Exhausted Bee Jelly
0%
Machines Extreme Memory Match
0%
Beesmas Items Festive Bean
0%
Ability Tokens Festive Gift
0%
Ability Token Buffs | Ability Tokens Festive Mark
0%
Other Buffs Festive Nymph Blessing
0%
Stickers Festive Pea
0%
Planters Festive Planter
0%
Stickers Festive Pufferfish
0%
Sprouts Festive Sprout
0%
Beequips Festive Wreath
0%
Ability Tokens Fetch
0%
Area Buffs | Consumable Item Buffs Field Boost
0%
Machines Field Booster
0%
Code Buffs Field Capacity
0%
Code Buffs Field Code Buff
0%
Ability Token Buffs | Quest Giver Buffs Field Corruption
0%
Area Buffs Field Winds
0%
Specific Bee Jelly Fire Bee Jelly
0%
Ability Token Buffs | Ability Tokens Flame Fuel
0%
Passive Buffs Flame Heat
0%
Stickers Fly Agaric Mushroom
0%
Stickers Flying Bee Bear
0%
Stickers Flying Brave Bee
0%
Stickers Flying Festive Bee
0%
Stickers Flying Magenta Critter
0%
Stickers Flying Ninja Bee
0%
Stickers Flying Photon Bee
0%
Stickers Flying Rad Bee
0%
Accessory Passives Focus Pulser
0%
Stickers Fork And Knife
0%
Stickers Forward Facing Aphid
0%
Stickers Forward Facing Spider
0%
Machines Free Ant Pass Dispenser
0%
Other Passives Free Gumdrops
0%
Machines Free Robo Pass Dispenser
0%
Machines Free Royal Jelly Dispenser
0%
Specific Bee Jelly Frosty Bee Jelly
0%
Debuffs Frozen
0%
Stickers Fuzz Bomb
0%
Ability Tokens Fuzz Bombs
0%
Specific Bee Jelly Fuzzy Bee Jelly
0%
Bee Passives Fuzzy Coat
0%
Area Buffs Galentine's Blessing
0%
Stickers Gamer Chat Icon
0%
Stickers Gemini Star Sign
0%
Specific Bee Egg Gifted Carpenter Bee Egg
0%
Specific Bee Egg Gifted Diamond Bee Egg
0%
Specific Bee Egg Gifted Exhausted Bee Egg
0%
Cub Skins Gingerbread Cub SKin
0%
Machines Gingerbread House
0%
Stickers Giraffe
0%
Ability Tokens Glob
0%
Cub Skins Gloomy Cub Skin
0%
Stickers Glowering Gummy Bear
0%
Stickers Glowing Smile
0%
Machines Glue Dispenser
0%
Accessory Passives Goo Trail
0%
Stickers Green Beesmas Light
0%
Stickers Green Check Mark
0%
Stickers Green Circle
0%
Stickers Green Plus Sign
0%
Stickers Green SELL
0%
Stickers Grey Diamond Logo
0%
Stickers Grey Raining Cloud
0%
Stickers Grey Shape Companion
0%
Star Amulet Passives Guiding Star
0%
Passive Buffs Guiding Star Aura
0%
Ability Tokens Gumdrop Barrage
0%
Machines Gumdrop Shop
0%
Tool Buffs Gummyball Combo
0%
Machines Gummy Beacon
0%
Passive Buffs Gummy Bear Morph
0%
Machines Gummy Cannon
0%
Accessory Passives Gummy Morph
0%
Star Amulet Passives Gummy Star
0%
Passive Buffs Gummy Star Aura
0%
Stickers Happy Fish
0%
Stickers Hastate Leaf
0%
Accessory Passives Haste Pulser
0%
Specific Bee Jelly Hasty Bee Jelly
0%
Boots Hiking Boots
0%
Stickers Honey Bee Bear
0%
Specific Bee Egg Honey Bee Egg
0%
Specific Bee Jelly Honey Bee Jelly
0%
Machines Honeyday Candles
0%
Other Buffs Honeyday Event
0%
Machines Honey Dispenser
0%
Ability Tokens Honey Gift
0%
Ability Tokens Honey Gift+
0%
Ability Token Buffs | Ability Tokens Honey Mark
0%
Ability Tokens Honey Mark+
0%
Machines Honeystorm
0%
Machines Honey Wreath
0%
Stickers Hourglass
0%
Stickers Hub Field Stamp
0%
Beequips Icicles
0%
Hive Skins Icy Crowned Hive Skin
0%
Accessory Passives Ignite
0%
Ability Tokens Inferno
0%
Ability Tokens Inflate Balloons
0%
Ability Token Buffs | Ability Tokens | Other Buffs | Passive Buffs Inspire
0%
Accessory Passives Inspire Coconuts
0%
Machines Instant Converter
0%
Stickers Interrobang Block
0%
Stickers Invigorating Nectar Icon
0%
Stickers Ionic Column Base
0%
Stickers Ionic Column Middle
0%
Stickers Ionic Column Top
0%
Stickers Jack-O-Lantern
0%
Bags Jar
0%
Beequips Kazoo
0%
Stickers Killroy With Hair
0%
Stickers Lanceolate Leaf
0%
Code Buffs Launch Code
0%
Stickers Launching Rocket
0%
Stickers Left Facing Ant
0%
Stickers Left Gold Swirl Fleuron
0%
Stickers Left Mythic Gem Fleuron
0%
Stickers Left Shining Diamond Fleuron
0%
Beequips Lei
0%
Stickers Libra Star Sign
0%
Stickers Little Scorpion
0%
Stickers Lyrate Leaf
0%
Machines Magic Bean Shop
0%
Ability Tokens Map Corruption
0%
Area Buffs Market Boost
0%
Ability Tokens Mark Surge
0%
Jelly Beans Maroon Jelly Bean
0%
Bags Mega-Jug
0%
Machines Mega Memory Match
0%
Machines Memory Match
0%
Stickers Menacing Mantis
0%
Ability Tokens Mind Hack
0%
Stickers Moai
0%
Hats Mondo B.B.M. Mask
0%
Other Buffs Mondo Chick Blessing
0%
Machines Moon Amulet Generator
0%
Stickers Morel Mushroom
0%
Ability Token Buffs | Ability Tokens Mother Bear Morph
0%
Stickers Motivating Nectar Icon
0%
Stickers Mountain Top Field Stamp
0%
Stickers Mushroom Field Stamp
0%
Specific Bee Egg Music Bee Egg
0%
Stickers Mythic M
0%
Machines Mythic Meteor Shower
0%
Machines Nectar Condenser
0%
Bee Passives Nectar Lover
0%
Machines Nectar Pot
0%
Nectar Vials Nectar Shower Vial
0%
Quest Exclusive Items Nectar Tester
0%
Stickers Nessie
0%
Regular Items Night Bell
0%
Machines Night Memory Match
0%
Cub Skins Noob Cub Skin
0%
Stickers Oblique Leaf
0%
Vouchers Offline Voucher
0%
Stickers Oiler Mushroom
0%
Machines Onett's Lid Art
0%
Stickers Orange Green Tri Deco
0%
Stickers Orange Leg Critter
0%
Stickers Orange Step Array
0%
Stickers Orange Swirled Marble
0%
Stickers Orphan Dog
0%
Stickers Pale Heart
0%
Stickers Palm Tree
0%
Ability Tokens Panda Bear Morph
0%
Stickers Panicked Science Bear
0%
Beequips Paper Angel
0%
Beequips Paperclip
0%
Stickers Party Robo Bear
0%
Stickers Peace Sign Hand
0%
Stickers Pearl Girl
0%
Beequips Peppermint Antenna
0%
Cub Skins Peppermint Robo Cub Skin
0%
Stickers Pepper Patch Stamp
0%
Planters Pesticide Planter
0%
Accessory Passives Petal Storm
0%
Stickers Pineapple Patch Stamp
0%
Stickers Pine Tree Forest Stamp
0%
Stickers Pink Chair
0%
Stickers Pink Cupcake
0%
Beequips Pink Eraser
0%
Jelly Beans Pink Jelly Bean
0%
Beequips Pink Shades
0%
Stickers Pisces Star Sign
0%
Stickers Pizza Delivery Man
0%
Stickers Play Button
0%
Beequips Poinsettia
0%
Ability Tokens Polar Bear Morph
0%
Quest Giver Buffs Polar Power
0%
Code Buffs Pollen Boost
0%
Ability Tokens Pollen Haze
0%
Ability Token Buffs | Ability Tokens Pollen Mark
0%
Ability Tokens Pollen Mark+
0%
Star Amulet Passives Pop Star
0%
Passive Buffs Pop Star Aura
0%
Stickers Porcini Mushroom
0%
Bags Pouch
0%
Specific Bee Jelly Precise Bee Jelly
0%
Stickers Precise Eye
0%
Ability Token Buffs | Ability Tokens Precise Mark
0%
Ability Token Buffs Precision
0%
Stickers Prehistoric Boar
0%
Stickers Prehistoric Hand
0%
Stickers Prismatic Mushroom
0%
Stickers Prism Painting
0%
Hats Propeller Hat
0%
Area Buffs Puffshroom Blessing
0%
Pollen Collectors | Stickers Pulsar
0%
Stickers Pumpkin Patch Stamp
0%
Specific Bee Egg Puppy Bee Egg
0%
Ability Token Buffs | Ability Tokens Puppy Love
0%
Stickers Purple 4-Point Flower
0%
Stickers Purple Fleuron
0%
Stickers Purple Pointed Critter
0%
Stickers Pyramid
0%
Specific Bee Jelly Rad Bee Jelly
0%
Aphids Rage Aphid
0%
Specific Bee Jelly Rage Bee Jelly
0%
Ability Tokens Rain Cloud
0%
Stickers Red Beesmas Light
0%
Ability Tokens Red Bomb
0%
Ability Tokens Red Bomb+
0%
Ability Token Buffs Red Bomb Combo
0%
Ability Token Buffs | Ability Tokens Red Bomb Sync
0%
Planters Red Clay Planter
0%
Stickers Red Doodle Person
0%
Stickers Red Palm Hand
0%
Ability Tokens Red Pulse
0%
Machines Red Teleporter
0%
Stickers Red Wailing Cry
0%
Stickers Red X
0%
Nectar Refreshing Nectar
0%
Stickers Refreshing Nectar Icon
0%
Nectar Vials Refreshing Vial
0%
Beequips Reindeer Antlers
0%
Ability Tokens Reindeer Fetch
0%
Ability Token Buffs Reindeer Guidance
0%
Stickers Reniform Leaf
0%
Stickers Rhomboid Leaf
0%
Stickers Rhubarb
0%
Stickers Right Facing Stump Snail
0%
Stickers Right Gold Swirl Fleuron
0%
Stickers Right Mythic Gem Fleuron
0%
Stickers Right Shining Diamond Fleuron
0%
Cub Skins Robo Cub Skin
0%
Other Buffs Robo Party Blessing
0%
Machines Robo Party Cake
0%
Regular Items Robo Pass
0%
Machines Robo Pass Dispenser
0%
Stickers Robot Head
0%
Mini-Bosses Rogue Vicious Bee
0%
Stickers Rose Field Stamp
0%
Beequips Rose Headband
0%
Stickers Round Basic Bee
0%
Stickers Round Green Critter
0%
Stickers Round Rascal Bee
0%
Stickers Royal Bear
0%
Machines Royal Jelly Dispenser
0%
Machines Royal Jelly Shop
0%
Stickers Royal Symbol
0%
Machines Samovar
0%
Stickers Satisfying Nectar Icon
0%
Stickers Saturn
0%
Bloom Petals Scarlet Petal
0%
Ability Token Buffs | Ability Tokens Science Bear Morph
0%
Quest Giver Buffs Science Enhancement
0%
Pollen Collectors | Stickers Scooper
0%
Passive Buffs Scorching Star Aura
0%
Stickers Scorpio Star SIgn
0%
Ability Tokens Scratch
0%
Stickers Shiitake Mushroom
0%
Bee Passives Shimmering Honey
0%
Stickers Shining Halo
0%
Stickers Shining Star
0%
Specific Bee Jelly Shocked Bee Jelly
0%
Stickers Shocked Hive Slot
0%
Stickers Shrugging Heart
0%
Specific Bee Jelly Shy Bee Jelly
0%
Stickers Shy Brown Bear
0%
Stickers Sideways Spirit Bear
0%
Stickers Silly Tongue
0%
Sprinklers Silver Soakers
0%
Stickers Simple Cloud
0%
Stickers Simple Mountain
0%
Stickers Simple Skyscraper
0%
Stickers Simple Sun
0%
Beequips Single Mitten
0%
Stickers Sitting Green Shirt Bear
0%
Stickers Sitting Mother Bear
0%
Jelly Beans Slate Jelly Bean
0%
Stickers Small Blue Chick
0%
Stickers Small Dandelion
0%
Stickers Small Flame
0%
Stickers Small Pink Tulip
0%
Stickers Small Shield
0%
Stickers Small Tickseed
0%
Stickers Small White Daisy
0%
Ability Tokens Smile Token
0%
Beequips Smiley Sticker
0%
Dice Smooth Dice
0%
Bee Passives Sniper
0%
Mini-Bosses Snowbear
0%
Machines Snowbear Summoner
0%
Cub Skins Snow Cub Skin
0%
Beequips Snowglobe
0%
Ability Tokens Snowglobe Shake
0%
Machines Snow Machine
0%
Beequips Snow Tiara
0%
Stickers Spatulate Leaf
0%
Machines Special Sprout Summoner
0%
Stickers Spider Field Stamp
0%
Machines Spirit Bear's Quest Memory Match
0%
Debuffs Splinter Trap
0%
Stickers Spore Covered Mushroom
0%
Stickers Standing Bean Bug
0%
Stickers Standing Beekeeper
0%
Stickers Standing Caterpillar
0%
Cub Skins Star Cub Skin
0%
Star Amulet Passives Star Saw
0%
Star Amulet Passives Star Shower
0%
Bee Passives Steam Engine
0%
Cub Skins Stick Cub Skin
0%
Machines Sticker Printer
0%
Pollen Collectors Sticker-Seeker
0%
Other Quest Givers Sticker-Seeker Quest Machine
0%
Sprouts Sticker Sprout
0%
Machines Sticker Stack
0%
Area Buffs Sticker Stack Buff
0%
Consumable Item Buffs | Machines Stinger Shop
0%
Machines Stockings
0%
Stickers Stranded Sun Bear
0%
Hats Strange Goggles
0%
Machines Strawberry Dispenser
0%
Stickers Strawberry Field Stamp
0%
Stickers Stretched Head Bear
0%
Specific Bee Jelly Stubborn Bee Jelly
0%
Stickers Stump Field Stamp
0%
Ability Tokens Summon Frog
0%
Stickers Sunflower Field Stamp
0%
Pollen Collectors | Stickers Super-Scooper
0%
Ability Tokens Surprise Party
0%
Beequips Sweatband
0%
Specific Bee Egg Tabby Bee Egg
0%
Ability Token Buffs Tabby Blessing
0%
Ability Token Buffs Tabby Blessing+
0%
Stickers Tabby From Behind
0%
Ability Token Buffs | Ability Tokens Tabby Love
0%
Stickers Tabby Scratch
0%
Planters Tacky Planter
0%
Ability Tokens Target Practice
0%
Stickers Taunting Doodle Person
0%
Stickers Theatrical Intruder
0%
Beequips Thimble
0%
Stickers Thumbs Up Hand
0%
Beequips Thumbtack
0%
Machines Ticket Shop
0%
Tool Buffs Tidal Surge
0%
Tool Buffs Tide Blessing
0%
Tool Buffs Tide Power
0%
Stickers Tiny House
0%
Stickers TNT
0%
Ability Tokens | Stickers Tornado
0%
Stickers Tough Potato
0%
Beequips Toy Drum
0%
Beequips Toy Horn
0%
Stickers Traffic Light
0%
Machines Treat Dispenser
0%
Machines Treat Shop
0%
Ability Tokens Triangulate
0%
Stickers Triple Exclamation
0%
Area Buffs | Passive Buffs Unlimited Gumdrops
0%
Stickers Uplooking Bear
0%
Bloom Petals Violet Petal
0%
Stickers Virgo Star Sign
0%
Stickers Walking Stick Nymph
0%
Stickers Wall Crack
0%
Beequips Warm Scarf
0%
Stickers Waving Townsperson
0%
Hive Skins Wavy Cyan Hive Skin
0%
Hive Skins Wavy Doodle Hive Skin
0%
Hive Skins Wavy Festive Hive Skin
0%
Hive Skins Wavy Purple Hive Skin
0%
Hive Skins Wavy Yellow Hive Skin
0%
Stickers Waxing Crescent Moon
0%
Area Buffs | Machines Wealth Clock
0%
Regular Items Whirlgig
0%
Consumable Item Buffs Whirligig Boost
0%
Beequips Whistle
0%
Ability Token Buffs | Ability Tokens White Boost
0%
Stickers White Button Mushroom
0%
Stickers White Flag
0%
Mini-Bosses Wild Vicious Bee
0%
Stickers Window
0%
Machines Wind Shrine
0%
Machines Winter Memory Match
0%
Stickers Wishbone
0%
Stickers Wobbling Looker Bee
0%
Vouchers x2 Bee Gather Voucher
0%
Vouchers x2 Convert Speed Voucher
0%
Accessory Passives X-Flame
0%
Stickers Yellow Beesmas Light
0%
Stickers Yellow Coffee Mug
0%
Stickers Yellow High
0%
Jelly Beans Yellow Jelly Bean
0%
Stickers Yellow Left Arrow
0%
Stickers Yellow Right Arrow
0%
Stickers Yellow Sticky Hand
0%
Stickers Yellow Swirled Marble
0%
Stickers Yellow Umbrella
0%
Stickers Young Elf
0%
No matching quizzes found
Score Distribution
Percent of People with Each Score
Percentile by Number Answered
Your Score History
You have not taken this quiz